| 000 | 00445nam a2200145Ia 4500 | ||
|---|---|---|---|
| 005 | 20250508160007.0 | ||
| 008 | 008 250505s9999 xx 000 0 eng d | ||
| 037 | _aBooks to be hide in OPAC | ||
| 040 |
_aFEDL _beng _cFEDL |
||
| 041 |
_aeng _2eng |
||
| 084 |
_a378.5443, AJM/O _qFEDL |
||
| 245 | 0 | _aReport on the Mayo College, Ajmer Rajputana for 1912-13 to 1917-18 | |
| 942 |
_cHB _h378.5443, AJM/O |
||
| 999 |
_c1360792 _d1360792 |
||